الطبيعة وما بعد الطبيعة : (Record no. 14463)
[ view plain ]
| 000 -الفاتح | |
|---|---|
| حقل البيانات ثابتة الطول | 00975nam a22002297a 4500 |
| 008 - عناصر البيانات ثابتة الطول - معلومات عامة | |
| حقل البيانات ثابتة الطول | 100712s xxu||||| |||| 00| 0 ara d |
| 082 ## - رقم تصنيف ديوى العشرى | |
| رقم الطبعة | 22 |
| رقم التصنيف | 110 |
| رقم المادة | ك ر م |
| 100 1# - المدخل الرئيسى - إسم شخصى | |
| 9 (RLIN) | 16204 |
| الإسم الشخصى | كرم ، يوسف |
| 245 ## - بيان العنوان | |
| العنوان | الطبيعة وما بعد الطبيعة : |
| بقية العنوان | المادة . الحياة . الله / |
| بيان المسئوليه,etc | يوسف كرم |
| 250 ## - بيان الطبعة | |
| بيان الطبعة | ط3. |
| 260 ## - PUBLICATION, DISTRIBUTION, ETC. (IMPRINT) | |
| مكان الناشر او الموزع | القاهرة : |
| اسم الناشر او الموزع | دار المعارف ، |
| تاريخ النشر أو التوزيع | [د.ت] |
| 300 ## - الوصف المادى | |
| التعداد | 194 ص : |
| أبعاد الوعاء | 24 سم. |
| 490 ## - بيان السلسلة | |
| -- | 16205 |
| عنوان السلسلة | مكتبة الدراسات الفلسفية |
| 504 ## - تبصرة ببليوجرافية | |
| تبصرة ببليوجرافية,الخ | يحتوي على إرجاعات ببليوجرافية |
| 541 ## - تبصرة المصدر المباشر للتزويد | |
| مصدر التزويد | ألف باء ؛ |
| طريقة التزويد | شراء ؛ |
| 650 ## - المدخل الاضافى بالموضوع-مصطلح موضوعى | |
| 9 (RLIN) | 16207 |
| مصطلح موضوعي أو اسم جغرافي كعنصر مدخل | ما رواء الطبيعة |
| التقسيم الفرعي العام | علم |
| 650 ## - المدخل الاضافى بالموضوع-مصطلح موضوعى | |
| 9 (RLIN) | 16208 |
| مصطلح موضوعي أو اسم جغرافي كعنصر مدخل | الحياة |
| 650 ## - المدخل الاضافى بالموضوع-مصطلح موضوعى | |
| 9 (RLIN) | 16209 |
| مصطلح موضوعي أو اسم جغرافي كعنصر مدخل | الفلسفة |
| 650 ## - المدخل الاضافى بالموضوع-مصطلح موضوعى | |
| 9 (RLIN) | 16211 |
| مصطلح موضوعي أو اسم جغرافي كعنصر مدخل | المادة |
| التقسيم الفرعي العام | فلسفة |
| 942 ## - عناصر المدخل الإضافي( كوها) | |
| مصدر التصنيف او مخطط الترفيف | Dewey Decimal Classification |
| Koha [default] item type | Book - Borrowing |
| حالة التراجع | حالة الفقد | مصدر التصنيف او خطة الترفيف | حالة تلف | ليس للاعارة | مجموعات كوها | المكان الدائم | المكان الحالي | موقع الترفيف | تاريخ الاكتساب | Source of acquisition | رقم الاستدعاء | الباركود | Date last seen | نوع الوعاء |
|---|---|---|---|---|---|---|---|---|---|---|---|---|---|---|
| Dewey Decimal Classification | Alef-Baa | Central Library | Central Library | Lower Floor | 12/07/2010 | 110 كرم | 000021043 | 15/07/2025 | Book - Borrowing |